APPLIED NUTRITION : (Record no. 5545)

MARC details
000 -LEADER
fixed length control field 00478nam a22001697a 4500
005 - DATE AND TIME OF LATEST TRANSACTION
control field 20210909101436.0
008 - FIXED-LENGTH DATA ELEMENTS--GENERAL INFORMATION
fixed length control field 170909b xxu||||| |||| 00| 0 eng d
020 ## - INTERNATIONAL STANDARD BOOK NUMBER
ISBN 978-81-204-1784-7
041 ## - LANGUAGE CODE
Language code of text/sound track or separate title eng
082 ## - DEWEY DECIMAL CLASSIFICATION NUMBER
Classification number 363.8
100 ## - MAIN ENTRY--AUTHOR NAME
Personal name REDDY, D.V.
245 ## - TITLE STATEMENT
Title APPLIED NUTRITION :
Remainder of title Livestock, poultry , Rabbits and Laboratory Animals
Statement of responsibility, etc D.V. REDDY
250 ## - EDITION STATEMENT
Edition statement 3rd
260 ## - PUBLICATION, DISTRIBUTION, ETC. (IMPRINT)
Place of publication NEW DELHI
Name of publisher OXFORD & IBH PUBLISHING CO. PVT.LTD
Year of publication 2015
300 ## - PHYSICAL DESCRIPTION
Number of Pages 468p.
942 ## - ADDED ENTRY ELEMENTS (KOHA)
Koha item type Books
Holdings
Lost status Damaged status Collection code Home library Current library Shelving location Date acquired Source of acquisition Cost, normal purchase price Full call number Accession Number Koha item type
    AGRICULTURE JRU Library JRU Library SHELF-43-F 09/09/2017 PURCHESS 425.00 363.8 21845 Books
    AGRICULTURE JRU Library JRU Library SHELF-43-F 09/09/2017 PURCHESS 425.00 363.8 21846 Books
    AGRICULTURE JRU Library JRU Library SHELF-43-F 09/09/2017 PURCHESS 425.00 363.8 21847 Books
    AGRICULTURE JRU Library JRU Library SHELF-43-F 09/09/2017 PURCHESS 425.00 363.8 21848 Books
    Reference JRU Library JRU Library SHELF-2-A 09/09/2017 PURCHESS 425.00 363.8 21849 Books